• 首页
  • 本馆介绍
  • 公告通知
  • 最新文献
  • 馆藏检索
  • 电子资源
  • 读者导购
  • 参考咨询
  • 我的图书馆
  • 登录
  • 详细信息显示
  • 放入我的书架
  • 预约/预借图书
  • 作者相关作品
  • 分类相关作品
  • 丛书相关作品
  • 出版社相关作品

书目信息

  • 表格格式
  • 工作单格式
  • 卡片格式
题名:
硅可控整流元件
    
 
作者: ;西安整流器研究所 , 第一机械工业部电器科学研究院 译
分册:  
出版信息: 北京   科学出版社  1970
页数: 147页
开本: 19cm
丛书名:
单 册:
中图分类: TN342
科图分类:
主题词: 硅整流器 , 晶闸管 , 可控硅
电子资源:
ISBN:
000 00820nam0 2200265 45 980
001 0635106487
005 20060808094537.48
010    @dCNY0.37
091    @a15031.267
100    @a19970628d1970 em y0chiy0121 ea
101 1  @achi@c?
102    @aCN@b110000
105    @afk z 000yy
106    @ar
200 10 @a硅可控整流元件@e译文集@Agui ke kong zheng liu yuan jian@f第一机械工业部西安整流器研究所,第一机械工业部电器科学研究院译
210    @a北京@c科学出版社@d1970
215    @a147页@c表,图@d19cm
606    @a硅整流器
606 0  @a晶闸管
606 0  @a可控硅
690    @aTN342@v3
711 02 @a西安整流器研究所@4译@Axi an zheng liu qi yan jiu suo
711 02 @a第一机械工业部电器科学研究院@4译@Adi yi ji xie gong ye bu dian qi ke xue yan jiu yuan
801 0  @c20060808
905    @a10447@dTN342@e20
    
    硅可控整流元件:译文集/第一机械工业部西安整流器研究所,第一机械工业部电器科学研究院译 .-北京:科学出版社,1970
    147页:表,图;19cm
    
    
    ISBN :CNY0.37
    
●
相关链接 在E读中查询图书 在五车中查询图书 在当当中查询图书 在豆瓣中查询图书


正题名:硅可控整流元件     索取号:TN342/20         预约/预借

序号 登录号 条形码 馆藏地/架位号 状态 备注
1 0451705   204517059   密集书库/ [索取号:TN342/20] 在馆    
唐山师范学院图书馆 欢迎您!
大连网信软件有限公司© 版权所有